Dúbravka centrum - prestavba námestia

Gespeichert in:
Bibliographische Detailangaben
1. Verfasser: Lukáčová, Eva (Verfasst von)
Weitere Verfasser: Görner, Karol (Betreuung Doktorarbeit)
Format: Manuskript Buch
Sprache:Slowakisch
Veröffentlicht: Bratislava 2021
Schlagworte:
Online-Zugang:http://is.stuba.sk/zp/portal_zp.pl?podrobnosti=145869
Tags: Tag hinzufügen
Keine Tags, Fügen Sie das erste Tag hinzu!

MARC

LEADER 00000ntm a22000003a 4500
001 stuzp84313
003 SK-STU
005 20220210111533.5
007 ta
008 150427s2015----xo-----f-mn---000-0-slo-d
040 |a STU  |b slo 
041 0 |a slo 
100 1 |a Lukáčová, Eva  |u 056160  |4 aut  |U FAD Fakulta architektúry a dizajnu  |T FAD Ústav urbanizmu a územného plánovania  |X 93664  |U A6160  |Y 397  |7 93664 
242 0 1 |a Dúbravka center - reconstruction of the square  |y eng 
245 1 0 |a Dúbravka centrum - prestavba námestia 
260 |c 2021  |a Bratislava 
650 4 |a udržateľnosť  |2 slo 
650 4 |a sídlisko  |2 slo 
650 4 |a námestie  |2 slo 
650 4 |a verejný priestor  |2 slo 
650 4 |a Dúbravka  |2 slo 
650 4 |a revitalizácia  |2 slo 
650 4 |a public space  |2 eng 
650 4 |a square  |2 eng 
650 4 |a maintainability  |2 eng 
650 4 |a revitalization  |2 eng 
650 4 |a settlement  |2 eng 
700 1 |a Görner, Karol  |u 056160  |k Z1  |4 ths  |U FAD Fakulta architektúry a dizajnu  |T FAD Ústav urbanizmu a územného plánovania  |X 48912  |U A6160  |Y 397  |7 A000048912 
856 4 |u http://is.stuba.sk/zp/portal_zp.pl?podrobnosti=145869  |u https://opac.crzp.sk/?fn=detailBiblioForm&sid=6327E39BEACEDA03090009820365